000 00410nam a2200181Ia 4500
003 0STCL
008 150530s9999 xx 000 0 und d
040 _aSTCL
_cSTCL
100 _aThapasya Dube
245 _aAadhunik Bharath Ka Ithihas
250 _a1
260 _bRajasthan Prakashan; Jaipur
_c2008
300 _a0
546 _aHindi
942 _2ddc
_cBK
999 _c65143
_d65143
005 20220125171259.0